Alfonso López Michelsen (Registro nro. 60163)
[ vista simple ]
| 000 -CABECERA | |
|---|---|
| Longitud fija campo de control | 01648 a2200445 4500 |
| 003 - • IDENTIFICADOR DELl NÚMERO DE CONTROL | |
| Identificador del número de control | CO-BoRNBP |
| 005 - • FECHA Y HORA DE LA ÚLTIMA TRANSACCIÓN | |
| Fecha y hora de la última transacción | 20251212195114.0 |
| 007 - • CAMPO FIJO DE DESCRIPCIÓN FÍSICA | |
| Campo fijo de descripción física | ta |
| 008 - • CÓDIGOS DE INFORMACIÓN DE LONGITUD FIJA | |
| Códigos de información de longitud fija | 140822s2014 ck ||||fr|||| 00| 0 spa d |
| 020 ## - • NÚMERO INTERNACIONAL NORMALIZADO PARA LIBROS | |
| Número Internacional Normalizado para Libros (ISBN) | 9789587384598 (V.1) |
| 020 ## - • NÚMERO INTERNACIONAL NORMALIZADO PARA LIBROS | |
| Número Internacional Normalizado para Libros (ISBN) | 9789587384611 (V.2) |
| 020 ## - • NÚMERO INTERNACIONAL NORMALIZADO PARA LIBROS | |
| Número Internacional Normalizado para Libros (ISBN) | 9789587384635 (V.3) |
| 020 ## - • NÚMERO INTERNACIONAL NORMALIZADO PARA LIBROS | |
| Número Internacional Normalizado para Libros (ISBN) | 9789587384659 (V.4) |
| 020 ## - • NÚMERO INTERNACIONAL NORMALIZADO PARA LIBROS | |
| Número Internacional Normalizado para Libros (ISBN) | 9789587384673 (V.5) |
| 040 ## - FUENTE DE LA CATALOGACIÓN | |
| Centro catalogador de origen | CO-BoUCM |
| Lengua de catalogación | spa |
| Centro transcriptor | Saul Niño (Modificó) |
| Centro modificado | Jose A. Gerena |
| 041 0# - • CÓDIGO DE LENGUA | |
| Código de lengua del texto/banda sonora o título independiente | spa |
| 082 04 - • NÚMERO DE LA CLASIFICACIÓN DECIMAL DEWEY | |
| Número de edición | 20 |
| Número de clasificación (R) | 923.1 |
| 084 ## - • Clasificación Local Alfanúmerica PNLB | |
| Número de clasificación | 00 |
| 245 00 - • TITULO PROPIAMENTE DICHO | |
| Título | Alfonso López Michelsen |
| Mención de responsabilidad, etc. | selección de textos y presentación de Fernando Mayorga García |
| 250 ## - • MENCIÓN DE EDICIÓN | |
| Mención de edición | 1a. edición |
| 300 ## - • DESCRIPCIÓN FÍSICA | |
| Extensión | 5 volúmenes |
| 336 ## - TIPO DE CONTENIDO | |
| Fuente | rdacontent |
| Término de tipo de contenido | texto |
| Código de tipo de contenido | txt |
| 337 ## - TIPO DE MEDIO | |
| Fuente | rdamedia |
| Nombre del tipo de medio | sin mediación |
| Código del tipo de medio | n |
| 338 ## - TIPO DE SOPORTE | |
| Fuente | rdacarrier |
| Nombre del tipo de soporte | volumen |
| Código del tipo de soporte | nc |
| 505 ## - • NOTA DE CONTENIDO CON FORMATO | |
| Información varia (R ) | V.1 |
| Título (R ) | El constitucionalista (parte I) |
| 505 ## - • NOTA DE CONTENIDO CON FORMATO | |
| Información varia (R ) | V.2 |
| Título (R ) | El constitucionalista (parte II) |
| 505 ## - • NOTA DE CONTENIDO CON FORMATO | |
| Información varia (R ) | V.3 |
| Título (R ) | Escritos políticos |
| 505 ## - • NOTA DE CONTENIDO CON FORMATO | |
| Información varia (R ) | V.4 |
| Título (R ) | análisis económico |
| 505 ## - • NOTA DE CONTENIDO CON FORMATO | |
| Información varia (R ) | V.5 |
| Título (R ) | Temas internacionales |
| 600 1# - • PUNTO DE ACCESO ADICIONAL DE MATERIA - NOMBRE DE PERSONA | |
| Nombre de persona | López Michelsen, Alfonso Antonio Lazaro |
| Fechas asociadas al nombre | 1913-2007 |
| Subdivisión de materia general (R ) | Crítica e interpretación |
| 600 1# - • PUNTO DE ACCESO ADICIONAL DE MATERIA - NOMBRE DE PERSONA | |
| Nombre de persona | López Michelsen, Alfonso Antonio Lazaro |
| Fechas asociadas al nombre | 1913-2007 |
| Subdivisión de materia general (R ) | Biografía |
| 650 #7 - • PUNTO DE ACCESO ADICIONAL DE MATERIA - TÉRMINO DE MATERIA | |
| Término de materia o nombre geográfico como elemento inicial | Constituciones |
| Subdivisión cronológica | Siglo XX |
| Subdivisión geográfica | Colombia |
| Fuente del encabezamiento o término | LEMB |
| 650 #7 - • PUNTO DE ACCESO ADICIONAL DE MATERIA - TÉRMINO DE MATERIA | |
| Término de materia o nombre geográfico como elemento inicial | Relaciones internacionales |
| Subdivisión cronológica | Siglo XX |
| Subdivisión geográfica | Colombia |
| Fuente del encabezamiento o término | LEMB |
| 651 #4 - • PUNTO DE ACCESO ADICIONAL DE MATERIA - NOMBRE GEOGRÁFICO | |
| Nombre geográfico | Colombia |
| Subdivisión de materia general | Historia política |
| Subdivisión cronológica | Siglo XX |
| 700 1# - • PUNTO DE ACCESO ADICIONAL - NOMBRE DE PERSONA | |
| Nombre de persona | Mayorga García, Fernando |
| Término indicativo de función | compilador |
| 710 2# - • PUNTO DE ACCESO ADICIONAL - NOMBRE DE ENTIDAD | |
| Nombre de entidad o nombre de jurisdicción como elemento inicial | Universidad del Rosario |
| 710 1# - • PUNTO DE ACCESO ADICIONAL - NOMBRE DE ENTIDAD | |
| Nombre de entidad o nombre de jurisdicción como elemento inicial | Colombia |
| Unidad subordinada | Ministerio de Cultura |
| 942 ## - ENTRADA DE ELEMENTOS AGREGADOS (KOHA) | |
| Fuente de clasificaión o esquema | |
| Código institución [OBSOLETE] | 19 |
| Koha [por defecto] tipo de item | |
| Parte de clasificación | 923.1 |
No hay ítems disponibles.